එමිල් සහ රහස් පරීක්ෂකයෝ (Record no. 42331)
[ view plain ]
| 000 -LEADER | |
|---|---|
| fixed length control field | 00553nam a2200181Ia 4500 |
| 008 - FIXED-LENGTH DATA ELEMENTS--GENERAL INFORMATION | |
| fixed length control field | 121025t1969 xxu||||| |||| 00| 0 sin d |
| 041 ## - LANGUAGE CODE | |
| Language code of text/sound track or separate title | Sinhala; Sinhalese |
| 942 ## - ADDED ENTRY ELEMENTS (KOHA) | |
| Koha item type | Books |
| 003 - CONTROL NUMBER IDENTIFIER | |
| control field | LK-CoDNM |
| 040 ## - CATALOGING SOURCE | |
| Original cataloging agency | LK-CoDNM |
| Modifying agency | LK-CoDNM |
| Description conventions | LK-CoDNM |
| 100 ## - MAIN ENTRY--PERSONAL NAME | |
| Personal name | Kastner,Erich |
| 700 ## - ADDED ENTRY--PERSONAL NAME | |
| Personal name | Ostin,M.D.N. |
| Relator term | translater |
| 245 ## - TITLE STATEMENT | |
| Title | එමිල් සහ රහස් පරීක්ෂකයෝ |
| 246 ## - VARYING FORM OF TITLE | |
| Title proper/short title | Emil saha Rahas Pareekshakayo |
| 260 ## - PUBLICATION, DISTRIBUTION, ETC. (IMPRINT) | |
| Place of publication, distribution, etc. | Gunasena |
| -- | Colombo |
| Date of publication, distribution, etc. | 1969 |
| 300 ## - PHYSICAL DESCRIPTION | |
| Other physical details | 148p, 18 cm |
| 500 ## - GENERAL NOTE | |
| General note | Sinhalese Translation Of Erich Kastner 's Emil and the Detectives |
| Withdrawn status | Lost status | Damaged status | Not for loan | Collection code | Permanent Location | Current Location | Date acquired | Barcode | Koha item type |
|---|---|---|---|---|---|---|---|---|---|
| Translation | Library National Museum Colombo - Sri Lanka | Library National Museum Colombo - Sri Lanka | 2012-10-25 | 155069 | Books |


